Silent spring revisited
সংরক্ষণ করুন:
| বিন্যাস: | গ্রন্থ |
|---|---|
| ভাষা: | Undetermined |
| প্রকাশিত: |
Washington, DC
American Chemical Society
1987
|
| বিষয়গুলি: | |
| ট্যাগগুলো: |
ট্যাগ যুক্ত করুন
কোনো ট্যাগ নেই, প্রথমজন হিসাবে ট্যাগ করুন!
|
| Thư viện lưu trữ: | Trung tâm Học liệu Trường Đại học Cần Thơ |
|---|
| LEADER | 00638nam a2200181Ia 4500 | ||
|---|---|---|---|
| 001 | CTU_28261 | ||
| 008 | 210402s9999 xx 000 0 und d | ||
| 082 | |a 363.7384 | ||
| 082 | |b S581 | ||
| 245 | 0 | |a Silent spring revisited | |
| 260 | |a Washington, DC | ||
| 260 | |b American Chemical Society | ||
| 260 | |c 1987 | ||
| 526 | |a Quản lý tổng hợp môi trường đất và nước | ||
| 526 | |b MT608 | ||
| 650 | |a Carson, Rachel, 1907-1964 silent spring - congresses,pesticides - environmental aspects - United States -Congresses | ||
| 904 | |i Liên, 981112 | ||
| 980 | |a Trung tâm Học liệu Trường Đại học Cần Thơ | ||